01227nam a2200193Ia 4500001001100000003001000011008004100021040002500062041001200087100002600099245012300125250001100248260008900259300002500348500026000373501011400633520026000747650002601007L871-38083IT-CnALBA170116s9999||||xx |||||||||||||| ||und|| aIT-CnALBAcIT-CnALBA aLATINO  aCICERONE MARCO TULLIO 0aM. TULLII CICERONIS ORATIONES. PRO QUINCTIO. PRO ROSCIO COMOEDO. PRO CAECINA. DE LEGE AGRARIA CONTRA RULLUM PRO L....  a1a ed. a ONOXIIbCLARENDONIANUS TYPOGRAPHEUS c1962 [1° Ed.:1909 - Ed.Ling.Originale: 1909] a p. (prefazione: 16) aPRO C. RAPIRIO PERDUELLIONIS REO. PRO FLACCO L. IN L. PISONEM. PRO C. RABIRIO POSTUMO. PER QUINZIO. PER ROSCIO COMEDO. PER CECINA A. LEGGE AGRARIA CONTRO RULLO. PER RABIRIO REO DI ALTO TRADIMENTO. PER FLACCO CONTRO PISONE. IN DIFESA DI RABIRIO POSTUMO. NO aSocietà San Paolo EM - Piazza San Paolo, 14 - 12051 ALBA (CN) (non commercial uses only) ® Copyright 2017 aPRO C. RAPIRIO PERDUELLIONIS REO. PRO FLACCO L. IN L. PISONEM. PRO C. RABIRIO POSTUMO. PER QUINZIO. PER ROSCIO COMEDO. PER CECINA A. LEGGE AGRARIA CONTRO RULLO. PER RABIRIO REO DI ALTO TRADIMENTO. PER FLACCO CONTRO PISONE. IN DIFESA DI RABIRIO POSTUMO. NO aPROSE E POESIA LATINA